banner koha

Gas exchange in yellow passion fruit under irrigation water salinity and nitrogen fertilization (Registro n. 337532)

MARC details
000 -LÍDER
fixed length control field 04041nab a2200361 i 4500
003 - CÓDIGO MARC DA AGÊNCIA CATALOGADORA
Campo de controle BR-BrBNA
005 - DATA E HORA DA ÚLTIMA ATUALIZAÇÃO
Campo de controle 20250808175711.0
008 - CAMPO DE TAMANHO FIXO
fixed length control field 250808b2022 bl.mr|pooa||| 00| 0 eng |
040 ## - FONTE DA CATALOGAÇÃO
Agência catalogadora BR-BrBNA
Idioma da catalogação eng
072 ## - CATEGORIA AGRIS
Código AGRIS F60
Código do objeto 1123
072 ## - CATEGORIA AGRIS
Código AGRIS F61
100 ## - ENTRADA PRINCIPAL - NOME PESSOAL
Nome pessoal Wanderley, José A. C.
100 ## - ENTRADA PRINCIPAL - NOME PESSOAL
Nome pessoal Azevedo, Carlos A. V. de
100 ## - ENTRADA PRINCIPAL - NOME PESSOAL
Nome pessoal Brito, Marcos E. B.
100 ## - ENTRADA PRINCIPAL - NOME PESSOAL
Nome pessoal Ferreira, Fagner N.
100 ## - ENTRADA PRINCIPAL - NOME PESSOAL
Nome pessoal Cordão, Mailson A.
100 ## - ENTRADA PRINCIPAL - NOME PESSOAL
Nome pessoal Lima, Robson F. de
245 ## - TÍTULO PRINCIPAL
Título principal Gas exchange in yellow passion fruit under irrigation water salinity and nitrogen fertilization
500 ## - NOTA GERAL
Nota geral Publicação on-line; 27 ref.; 5 illus; 4 tables; Sumaries (En, Pt)
942 ## - ADDED ENTRY ELEMENTS (KOHA)
Koha item type Analítica
520 ## - NOTA DE RESUMO
Nota de conteúdo <br/><br/>ABSTRACT: The objective of this study was to evaluate the gas exchange of ‘Redondo Amarelo’ passion fruit seedlings under the mitigating action of nitrogen fertilization on the salinity of irrigation water. The experiment was carried out in a greenhouse of the Universidade Federal de Campina Grande (CCTA-UFCG), Campus of Pombal, PB, Brazil, The experimental design was in randomized blocks, split plots, comprising five irrigation water electrical conductivities (plot) (ECw) (0.3; 1.0; 1.7; 2.4 and 3.1 dS m-1) and five doses of nitrogen (subplot) (60; 80; 100; 120 and 140% of 300 mg of N dm-3), in five blocks. Plants were grown in pots (Citropote JKS®) with volume of 3.780 mL, filled with soil, bovine manure, wood shavings in a proportion of 2:1:0.5 (mass basis), respectively. Water with salinity levels was applied in the period from 40 to 85 days after sowing. The internal CO2 concentration, transpiration, stomatal conductance and photosynthesis were measured at 55 and 70 days after sowing. There was an attenuating effect of nitrogen doses at irrigation water electrical conductivities of 1.7 and 2.4 dS m-1 on photosynthesis at 55 DAS. Irrigation water salinity reduces most of the variables evaluated, especially at the highest level studied (3.1 dS m-1).<br/><br/>Key words: Passiflora edulis Sims. f. flavicarpa Deg., salt stress, photosynthesis
520 ## - NOTA DE RESUMO
Nota de conteúdo <br/><br/>RESUMO: Objetivou-se avaliar as trocas gasosas de mudas de maracujá Redondo Amarelo sob a ação mitigadora da adubação nitrogenada sobre a salinidade da agua de irrigação. O experimento foi conduzido em casa de vegetação da Universidade Federal de Campina Grande, Campus Pombal, PB. O delineamento experimental foi em blocos casualizados, parcelas subdivididas, compreendendo cinco condutividades elétricas da água de irrigação (parcela) (CEa) (0.3; 1.0; 1.7; 2.4 e 3.1 dS m-1) e cinco doses de nitrogênio (subparcela) (60; 80; 100; 120 e 140% de 300 mg de N dm-3), em cinco blocos. As plantas foram cultivadas em citropotes com volume de 3.780 mL, preenchidos com solo, esterco bovino curtido e maravalha na proporção de 2:1:0,5 (base massa), respectivamente. A aplicação dos níveis de salinidade ocorreu no período de 40 a 85 dias após a semeadura. Mensurou-se, aos 55 e 70 dias após a semeadura a concentração interna de CO2, transpiração, condutância estomática e fotossíntese. Verificou-se efeito atenuante das doses de nitrogênio para as águas de irrigação de 1.7 e 2.4 dS m-1 sobre a fotossíntese aos 55 dias. A salinidade da água de irrigação reduz a maioria das variáveis avaliadas, sobretudo no maior nível estudado (3.1 dS m-1).<br/><br/>Palavras-chave: Passiflora edulis Sims. f. flavicarpa Deg., estresse salino, fotossíntese
650 ## - ASSUNTO - THESAGRO
Cabeçalho tópico ou nome geográfico MARACUJÁ
650 ## - ASSUNTO - THESAGRO
Cabeçalho tópico ou nome geográfico IRRIGAÇÃO
650 ## - ASSUNTO - THESAGRO
Cabeçalho tópico ou nome geográfico SALINIDADE
650 ## - ASSUNTO - THESAGRO
Cabeçalho tópico ou nome geográfico FOTOSSÍNTESE
650 ## - ASSUNTO - THESAGRO
Cabeçalho tópico ou nome geográfico TROCA GASOSA
650 ## - ASSUNTO - THESAGRO
Cabeçalho tópico ou nome geográfico ADUBAÇÃO
650 ## - ASSUNTO - THESAGRO
Cabeçalho tópico ou nome geográfico NITROGÊNIO
773 0# - ENTRADA ANALÍTICA
Host Biblionumber 3534
Registro do item 317818
Imprenta Campina Grande-PB Universidade Federal de Campina Grande. Centro de Ciências e Tecnologia 1997
Outro identificador 2024-4537
Título Revista Brasileira de Engenharia Agrícola e Ambiental (Brazil)
ISSN 1415-4366
Colação v. 26 (2) p. 135-141; (2022)
Número de controle de registro BR2025003367
856 ## - ACESSO E ENDEREÇO ELETRÔNICO
Identificador uniforme de recurso - URI https://www.scielo.br/j/rbeaa/a/YbKZPTrNdMFzKpNMvLd5MNq/?format=pdf&lang=en

Nenhum exemplar disponível.

BINAGRI

Telefone: (61)3218-2567/2388/3357/2097 - binagri@agro.gov.br

Ministério da Agricultura e Pecuária , Esplanada dos Ministérios, Bloco D, Anexo B, Brasília/DF, CEP: 70.043-900